000 00447nam a2200157 i 4500
001 68217
003 ES-MaACL
005 20230906170227.0
007 t|
008 040611s1968 sp ||||1| spa d
100 1 _aGarcía, José Manuel.
_954049
245 1 0 _aVersos de un hombre extraño /
_cJosé Manuel García.
260 _aSanlúcar de Barrameda :
_bGutenberg,
_c1968.
300 _a79 p. ;
_c19 cm.
852 _aES-MaACL
_jC-34774
_bR.67208
999 _c68217
_d68217